000 00504cam a2200145 4500500
005 20251012011335.0
041 _afre
042 _adc
100 1 0 _aPersonne, Thomas
_eauthor
245 0 0 _aGeorges Faraklas : « Syriza est le parti le plus proeuropéen de Grèce »
260 _c2015.
500 _a94
786 0 _nPhilosophie magazine | 87 | 3 | 2015-03-01 | p. 2-2 | 1951-1787
856 4 1 _uhttps://shs.cairn.info/magazine-philosophie-magazine-2015-3-page-2?lang=fr&redirect-ssocas=7080
999 _c1522713
_d1522713